=LDR 00000nam 2200000 4500 =001 INLIS000000000018183 =005 20200625092520 =035 ##$$a 0010-061300000018183 =008 200625################g##########0#ind## =041 ##$$a Ind =082 ##$$a 297 =090 ##$$a 2x0, Dar b =100 ##$$a Dar, Abud Bin Ali =245 1#$$a Berlebih-lebihan dalam agama /$c Abud Bin Ali Bin Dar; Penerjemah, Rusli, Rizal =260 ##$$a Jakarta :$b Buku Islam Rahmatan,$c 2002 =300 ##$$a 336 hlm, ; $c 23 x 15 cm. =650 #4$$a Islam Bid'ah =850 ##$$a NBPNMAT =084 ##$$a 297 DAR b =700 #$$a Rusli =990 ##$$a 20602780 =990 ##$$a 20602781 =990 ##$$a 20602782 =990 ##$$a 20602783 =990 ##$$a 00091023